000 00671nam a2200277Ia 4500
005 20260324141504.0
008 008 260324s9999 xx 000 0 eng d
020 _a9780203993255
037 _aEBOOK
040 _aCRL
040 _beng
040 _cCRL
041 _2eng
041 _aeng
084 _qCRL
100 _aPercy B. Lehning; Albert Weale
_91208378
245 0 _aCitizenship, Democracy and Justice in the New Europe
260 _bTaylor and Francis
260 _c1997
365 _a
365 _b230
856 _uhttp://www.taylorfrancis.com/books/9780203993255
942 _cEBOOK
999 _c1811526
_d1811526